Introduction to philosophy / (Record no. 1427)
[ view plain ]
| 000 -LEADER | |
|---|---|
| fixed length control field | 00568cam a2200217ua 4500 |
| 041 ## - LANGUAGE CODE | |
| Language code of text/sound track or separate title | eng |
| 082 ## - DEWEY DECIMAL CLASSIFICATION NUMBER | |
| Classification number | 101 |
| Item number | SMU/IN |
| 100 ## - MAIN ENTRY--AUTHOR NAME | |
| Personal name | Smullyan, Arthur . |
| 245 00 - TITLE STATEMENT | |
| Title | Introduction to philosophy / |
| 250 ## - EDITION STATEMENT | |
| Edition statement | 1 / |
| 260 ## - PUBLICATION, DISTRIBUTION, ETC. (IMPRINT) | |
| Place of publication | New Delhi : |
| Name of publisher | Prentice Hall of India Pvt Ltd. , |
| Year of publication | 1967. |
| 300 ## - PHYSICAL DESCRIPTION | |
| Number of Pages | 418 ; . |
| 700 1# - ADDED ENTRY--PERSONAL NAME | |
| Personal name | Dietrichson, Paul . |
| 700 1# - ADDED ENTRY--PERSONAL NAME | |
| Personal name | Keyt, David . |
| 700 1# - ADDED ENTRY--PERSONAL NAME | |
| Personal name | Miller, Leonard . |
| 942 ## - ADDED ENTRY ELEMENTS (KOHA) | |
| Koha item type | Books |
| Withdrawn status | Lost status | Damaged status | Home library | Current library | Date acquired | Full call number | Accession Number | Koha item type |
|---|---|---|---|---|---|---|---|---|
| Withdrawn | KAUAET | Sanskrit University | 07/04/2012 | 101 | 10811 | Books |
